000 00732nam a2200229 u 4500
005 20230201063544.0
008 130319s2005 mx r 000 0 spa d
020 _a9684765061
035 _aUPN01000190373
049 _aCG
050 4 _aD16.2
_bE5.7
245 0 0 _aEnseñar historia :
_bnuevas propuestas /
_cJulio Valdeón Baruque ... [et al.].
260 _aMéxico :
_bFontamara,
_c2005.
300 _a203 p. :
_bcuadros, il.
440 0 _aArgumentos.
_pHistoria ;
_v4
590 _aBibliografía Básica (BGTQ)
590 0 _a(También localizas un ejemplar en el "Área de Reserva")
650 4 _aHistoria
_xEstudio y enseñanza
_96447
700 1 _aValdeón Baruque, Julio,
_ecoaut.
905 _aLibro
999 _c162476
_d162476